Miradas del Sur (Record no. 562)

MARC details
000 -LEADER
campo de control de longitud fija 00672nam a22001577a 4500
008 - DATOS DE LONGITUD FIJA--INFORMACIÓN GENERAL
campo de control de longitud fija 150430b xxu||||| |||| 00| 0 eng d
020 ## - NÚMERO INTERNACIONAL ESTÁNDAR DEL LIBRO
Número Internacional Estándar del Libro 9977473617
082 ## - NÚMERO DE LA CLASIFICACIÓN DECIMAL DEWEY
Número de clasificación 779.092
Número de ítem F 981m
100 ## - ENTRADA PRINCIPAL--NOMBRE DE PERSONA
Nombre de persona Garcia Kilroy, Catiana; Arias Valverde, Alexander y Rodriguez Herrera, Adolfo (editores)
9 (RLIN) 2555
110 ## - ENTRADA PRINCIPAL--NOMBRE DE ENTIDAD CORPORATIVA
Nombre de entidad corporativa o nombre de jurisdicción como elemento de entrada Fundavinculo
9 (RLIN) 2556
245 ## - MENCIÓN DEL TÍTULO
Título Miradas del Sur
Resto del título Southern Views
260 ## - PUBLICACIÓN, DISTRIBUCIÓN, ETC.
Lugar de publicación, distribución, etc. Costa Rica
Nombre del editor, distribuidor, etc. Fundavinculo Ediciones
Fecha de publicación, distribución, etc. 2006
300 ## - DESCRIPCIÓN FÍSICA
Extensión 145 p.
Otras características físicas ill.
Dimensiones 24x21.5
650 ## - PUNTO DE ACCESO ADICIONAL DE MATERIA--TÉRMINO DE MATERIA
Subdivisión general Fotografia
-- Arte
-- Colecciones
-- Fotografos individuales
-- Taller fotografico experimental
9 (RLIN) 2557
700 ## - ENTRADA AGREGADA--NOMBRE PERSONAL
Nombre de persona Catiana Garcia Kilroy, Alexander Arias Valverde y Adolfo Rodriguez Herrera (editores)
9 (RLIN) 2558
Holdings
Estatus retirado Estado de pérdida Fuente del sistema de clasificación o colocación Estado de daño No para préstamo Biblioteca de origen Biblioteca actual Ubicación en estantería Fecha de adquisición Total de préstamos Signatura topográfica completa Código de barras Visto por última vez Precio de reemplazo Tipo de ítem Koha
    Clasificación Decimal Dewey     Biblioteca LadoV Biblioteca LadoV   30/04/2015   779.092 F 981m 004014 30/04/2015 30/04/2015 Material 01